| 000 | 00606ntaaa2200193 4500 | ||
|---|---|---|---|
| 003 | 01 | ||
| 005 | 20251027201210.0 | ||
| 008 | 0714s1973 ag 01 | ||
| 040 |
_aAR-BaBN _bspa _cAR-BaBN _eaacr _dRIC |
||
| 082 | _a220.6 P93p | ||
| 245 | _aPrincipios de vida: contenidos en la Palabra de Dios. | ||
| 250 | _a3 ed. | ||
| 260 |
_aBuenos Aires : _bIglesia Adventista del Septimo Dia, _c1976 |
||
| 300 |
_a463 p. ; _c21 cm. |
||
| 500 | _a"Un estudio sistematico de las principales doctrinas de la Biblia" preparado por los Adventistas. | ||
| 650 |
_aBiblia-Estudio _95287 |
||
| 650 | _aAdventistas | ||
| 942 | _cBK | ||
| 999 |
_c6305 _d6305 |
||